Moderní marketingový výzkum nové trendy, kvantitativní a kvalitativní metody a techniky, průběh a organizace, aplikace v praxi, přínosy a možnosti

Guardado en:
Detalles Bibliográficos
Autor principal: Kozel, Roman
Formato: Libro
Lenguaje:checo
Publicado: Praha Grada Publishing 2006
Colección:Expert
Materias:
Etiquetas: Agregar Etiqueta
Sin Etiquetas, Sea el primero en etiquetar este registro!

MARC

LEADER 00000nam$a2200000$$$4500
001 0046143
005 20240313090126.8
020 |a 80-247-0966-X 
041 0 |a cze 
044 |a CZ 
245 1 0 |a Moderní marketingový výzkum  |b nové trendy, kvantitativní a kvalitativní metody a techniky, průběh a organizace, aplikace v praxi, přínosy a možnosti  |c Roman Kozel a kolektiv 
264 1 |a Praha  |b Grada Publishing  |c 2006 
300 |a 277 s. 
490 1 |a Expert 
830 0 |a Expert 
610 2 0 |a marketing 
610 2 0 |a výskum 
610 2 0 |a metódy 
610 2 0 |a prostredie ekonomické 
610 2 0 |a firmy 
610 2 0 |a informácie 
610 2 0 |a metodika 
610 2 0 |a internet 
100 1 |a Kozel, Roman